[Event "GRE-ch U16"]
[Site "Peristeri"]
[Date "2023.07.05"]
[Round "4"]
[White "Farsaris, Michail"]
[Black "Balafoutis, Ilias"]
[Result "1-0"]
[WhiteElo "1591"]
[BlackElo "1432"]
[PlyCount "61"]
[EventDate "2023.07.03"]
[EventType "swiss"]
[EventRounds "9"]
[EventCountry "GRE"]
[SourceTitle "EXT 2024"]
[Source "ChessBase"]
[SourceDate "2023.10.10"]
[SourceVersion "1"]
[SourceVersionDate "2023.10.10"]
[SourceQuality "1"]

1. e4 c5 2. Nf3 e6 3. d4 cxd4 4. Nxd4 Nc6 5. Nc3 Qc7 6. Nb3 a6 7. Bd3 Nf6 8. Be3 Be7 9. 0-0 0-0 10. f4 d6 11. Qf3 b5 12. Qh3 Nb4 13. Rac1 Nxd3 14. cxd3 Qd8 15. Kh1 b4 16. Na4 e5 17. f5 Rb8 18. Nd2 Bd7 19. b3 d5 20. Nc5 Bb5 21. Rfd1 Rc8 22. d4 exd4 23. Bxd4 dxe4 24. Bxf6 Bxf6 25. Ndxe4 Qb6 26. Rd6 Qb8 27. Nxf6+ gxf6 28. Rd4 Qe5 29. Rg4+ Kh8 30. Rh4 Kg8 31. Rxh7 1-0

[Event "Heraklion op 28th"]
[Site "Heraklion"]
[Date "2020.01.04"]
[Round "2"]
[White "Lirindzakis, Timotheos"]
[Black "Farsaris, Michail"]
[Result "1-0"]
[WhiteElo "2149"]
[BlackElo "1302"]
[PlyCount "63"]
[EventDate "2020.01.03"]
[EventType "swiss"]
[EventRounds "9"]
[EventCountry "GRE"]
[SourceTitle "CBM 194 Extra"]
[Source "ChessBase"]
[SourceDate "2020.03.31"]
[SourceVersion "1"]
[SourceVersionDate "2020.03.31"]
[SourceQuality "1"]

1. Nf3 d5 2. d4 Nf6 3. c4 e6 4. g3 Be7 5. Bg2 0-0 6. 0-0 Nbd7 7. Qc2 c5 8. cxd5 Nxd5 9. Nc3 N7f6 10. Nxd5 Nxd5 11. dxc5 Qc7 12. Bd2 Qxc5 13. Qxc5 Bxc5 14. Rac1 Bb6 15. Ne5 Rd8 16. Rfd1 f6 17. Nc4 Bc5 18. Be1 Rd7 19. Bh3 Re7 20. e4 Nb6 21. Rd8+ Kf7 22. Nxb6 axb6 23. b4 Rc7 24. bxc5 Rxa2 25. Bf1 Bd7 26. Rd1 Ba4 27. cxb6 Rc5 28. Rb1 Bc6 29. Bd3 Re5 30. Rc8 Rc5 31. Rc7+ Ke8 32. Bb4 1-0

[Event "GRE-ch U12"]
[Site "Rio Achaia"]
[Date "2018.07.04"]
[Round "3"]
[White "Farsaris, Michail"]
[Black "Christodoulou, Panormitis"]
[Result "0-1"]
[WhiteElo "1095"]
[BlackElo "1460"]
[PlyCount "90"]
[EventDate "2018.07.03"]
[EventType "swiss"]
[EventRounds "9"]
[EventCountry "GRE"]
[SourceTitle "EXT 2019"]
[Source "ChessBase"]
[SourceDate "2018.10.10"]
[SourceVersion "1"]
[SourceVersionDate "2018.10.10"]
[SourceQuality "1"]

1. e4 c5 2. Nf3 Nc6 3. d4 cxd4 4. Nxd4 Nf6 5. Nc3 d6 6. Be3 e5 7. Nf3 Be7 8. Be2 0-0 9. 0-0 h6 10. h3 Be6 11. Qd2 d5 12. exd5 Nxd5 13. Nxd5 Qxd5 14. Qxd5 Bxd5 15. Rfd1 Rfd8 16. a3 Be4 17. c3 Bc2 18. Rxd8+ Rxd8 19. Rc1 Bd3 20. Bxd3 Rxd3 21. Kf1 f6 22. Ke2 Rd8 23. Rd1 Rxd1 24. Kxd1 a6 25. Kd2 Kf7 26. Kd3 Ke6 27. Nd2 b5 28. Ne4 Kd5 29. f4 f5 30. Ng3 e4+ 31. Kc2 g6 32. Ne2 Bc5 33. Bxc5 Kxc5 34. g4 a5 35. gxf5 gxf5 36. Ng3 Ne7 37. Kd2 Kc4 38. Kc2 a4 39. Ne2 Ng6 40. Nd4 Nh4 41. b3+ axb3+ 42. Nxb3 Nf3 43. Na5+ Kd5 44. Nb3 Ng1 45. h4 Ne2 0-1

[Event "GRE-ch U12"]
[Site "Rio Achaia"]
[Date "2018.07.03"]
[Round "1"]
[White "Farsaris, Michail"]
[Black "Basinas, Konstantinos"]
[Result "1/2-1/2"]
[WhiteElo "1095"]
[BlackElo "1383"]
[PlyCount "162"]
[EventDate "2018.07.03"]
[EventType "swiss"]
[EventRounds "9"]
[EventCountry "GRE"]
[SourceTitle "EXT 2019"]
[Source "ChessBase"]
[SourceDate "2018.10.10"]
[SourceVersion "1"]
[SourceVersionDate "2018.10.10"]
[SourceQuality "1"]

1. e4 c5 2. Nf3 d6 3. d4 cxd4 4. Nxd4 Nf6 5. Nc3 e6 6. Be3 Be7 7. Be2 a6 8. Qd2 Qc7 9. 0-0 b5 10. a3 Bb7 11. f3 Nbd7 12. Rfd1 d5 13. exd5 Nxd5 14. Nxd5 Bxd5 15. Rac1 Nf6 16. Bd3 Bd6 17. h3 Nh5 18. Ne2 Be5 19. Bd4 Bxd4+ 20. Nxd4 0-0 21. Qg5 Nf6 22. Kh1 h6 23. Qh4 Qb6 24. Re1 Rac8 25. Ne2 Bc4 26. Bxc4 Rxc4 27. Qg3 Rfc8 28. c3 a5 29. Kh2 Nh5 30. Qe5 R8c5 31. Qe3 Qc7+ 32. Kg1 Nf6 33. b4 Re5 34. Qd2 Qb6+ 35. Kf1 Rd5 36. Qb2 axb4 37. cxb4 Rxc1 38. Rxc1 Qd8 39. Qc2 Nd7 40. Nc3 Rf5 41. Rd1 Qc7 42. Qd3 Nb6 43. Qd8+ Qxd8 44. Rxd8+ Kh7 45. Rb8 Nc4 46. Nxb5 e5 47. Ke2 Rg5 48. g4 h5 49. a4 hxg4 50. hxg4 f5 51. gxf5 Rxf5 52. Rb7 Kh6 53. a5 Rf6 54. Nc3 Ra6 55. Kd3 Nxa5 56. bxa5 Rxa5 57. Rb4 g5 58. Rg4 Kg6 59. Ke4 Ra3 60. Nd5 Ra4+ 61. Kxe5 Ra5 62. Ke4 Ra4+ 63. Ke3 Ra3+ 64. Kf2 Ra2+ 65. Kg3 Rd2 66. Ne3 Rd3 67. Ng2 Kf6 68. Ne1 Rd1 69. Nc2 Rd2 70. Nb4 Rd1 71. Kg2 Rd2+ 72. Kg3 Rd1 73. Nc2 Rd2 74. Ne3 Rd3 75. Nc2 Rd2 76. Nb4 Rd6 77. Nc2 Rd2 78. Nb4 Rd6 79. Rc4 Rd1 80. Rc6+ Kf5 81. Rc5+ Kg6 1/2-1/2